Sports Quiz

Random Sports or Decade Quiz

MLB #1 Draft Picks (1990s) Quiz Stats

Quiz Updated Feb 1, 2018

Challenge
Share
Tweet
Score 0/10 Timer 04:00
1 Play Today
Hint Answer % Correct
1993Alex Rodriguez
98.4%
1990Chipper Jones
47.9%
1999Josh Hamilton
43.5%
1998Pat Burrell
34.1%
1991Brien Taylor
30.4%
1995Darin Erstad
28%
1996Kris Benson
24.9%
1994Paul Wilson
18.4%
1992Phil Nevin
13.4%
1997Matt Anderson
12.4%

You're not logged in!

Compare scores with friends on all Sporcle quizzes.
Join for Free
OR
Log In

You Might Also Like...

Show Comments

Extras

Top Quizzes Today


Score Distribution

Your Account Isn't Verified!

In order to create a playlist on Sporcle, you need to verify the email address you used during registration. Go to your Sporcle Settings to finish the process.

Report this User

Report this user for behavior that violates our Community Guidelines.

Details: